000 004720000a22001810004500
003 MACL
005 20150711131435.0
008 150711b xxu||||| |||| 00| 0 eng d
040 _aMACL
_cMACL
041 _aEnglish
082 _a320/MEH
100 _aMehrotra, Nanak Chand
_91720
245 _aIndian Socialist Thinking
_bFrom Dayanand To J.P.
260 _bM.N. Publishers
_c1986
_aNew Delhi
350 _a150
650 _aPolitical Science
_988
942 _cBK
_k320
_2ddc
999 _c5895
_d5895